Paisaje con tumbas pintadas en rosa /

保存先:
書誌詳細
第一著者: Chaves, José Ricardo 1958-
フォーマット: 図書
言語:Spanish
出版事項: Heredia, Costa Rica : EUNA, 1998.
版:1. edición
主題:
タグ: タグ追加
タグなし, このレコードへの初めてのタグを付けませんか!

MARC

LEADER 00000cam a22000007a 4500
001 11866055
005 20170512090105.0
008 991205s1998 cr |||||||||||||||||spa
020 |a 9977651523 
040 |a DLC  |c DLC  |d CRU CIICLA-UCR 
082 |a CR863.44  |b Ch5124p 
100 1 |a Chaves, José Ricardo  |d 1958- 
245 1 0 |a Paisaje con tumbas pintadas en rosa /  |c José Ricardo Chaves. 
250 |a 1. edición 
260 |a Heredia, Costa Rica :  |b EUNA,  |c 1998. 
300 |a 176 páginas 
650 7 |9 76  |a LITERATURA COSTARRICENSE  |v NOVELA 
942 |2 ddc  |c BK 
999 |c 4206  |d 4206